| 000 | 00772nam a22002297a 4500 | ||
|---|---|---|---|
| 005 | 20251108173456.0 | ||
| 008 | 250721s2007 xx 000 0 ara d | ||
| 082 | 1 | 4 | _a591.8/ هار |
| 100 | 1 | _aهاريس، مورين أ. | |
| 245 | 1 | 0 | _aالطرق العامة لزراعة الخلية / |
| 246 | 1 | 1 | _aGeneral Teachniques of cell culture |
| 264 | 1 |
_aعمان : _bدارالفرقان للنشر و التوزيع، _c2007. |
|
| 300 | _a270ص. | ||
| 650 | 1 | 7 | _aزراعة الخلايا |
| 650 | 1 | 7 | _aعلم الحيوان |
| 650 | 1 | 7 | _aزراعة الأنسجة |
| 700 | 1 | _aف ري، أيان | |
| 700 | 1 |
_aالسعدي، علي حمود _eTran. |
|
| 700 | 1 |
_aبو الحاج، عبد السلام موسى _eTran. |
|
| 942 |
_2ddc _cBK |
||
| 999 |
_c104762 _d104762 |
||